00272 a2200121 4500001000700000020002200007040001100029100001800040240004000058245003500098300000800133362000900141192948 a978-85-7665-346-2 cMagnum aAlves, Rubens10aOstra feliz não faz pérolalpor10aOstra feliz não faz pérola a2760 a2008